000 00447nam a22001817a 4500
003 NUST - PNEC
005 20170116180948.0
008 150908b xxu||||| |||| 00| 0 eng d
020 _a0195116909
040 _cLIBRARY
082 _a621.381 SED
100 _99016
_a Sedra, Adel S
245 _aMicroelectronic circuits
_cAdel S Sedra
250 _a4th ed.
260 _cc 1998
650 _98908
_aElectronic circuits
_xEL
942 _2ddc
_cBK
999 _c66335
_d66335